Devinez le Pays Mystère #14 - Statistiques

Statistiques générales
  • Ce quiz a été pris 1 183 fois
  • Le résultat moyen est 8 sur 15
Statistiques - réponses
Type de Réponse Réponse % Correct
Lettre Trouvée A
97%
Lettre Trouvée S
88%
Lettre Bien Placée A
87%
Lettre Trouvée M
64%
Lettre Trouvée B
55%
Lettre Bien Placée A
51%
Lettre Trouvée A
51%
Lettre Bien Placée A
47%
Lettre Bien Placée B
47%
Lettre Trouvée H
47%
Lettre Trouvée A
40%
Pays Mystère Bahamas
40%
Lettre Bien Placée H
40%
Lettre Bien Placée M
40%
Lettre Bien Placée S
40%
Aucun quiz correspondant
Distribution des résultats
% des personnes avec chaque résultat
Percentile par nombre de réponses
Votre historique - résultats
Vous n’avez pas pris ce quiz